000 00630nam a22001937a 4500
003 OSt
005 20260424113039.0
008 260424b |||||||| |||| 00| 0 eng d
020 _a9781032794457
020 _a9781003492030
040 _aMMARA-U
_beng
_cMMARA-U
_dMMARA-U
050 _aK 3886 .I58 2025
245 _aInternational Fisheries Law :
_bPersistent and Emerging Challenges /
_cEdited by Born Kunoy, Tomas Heidar and Constantinos Yiallourides.
260 _aLondon :
_bRoutledge,
_c2025.
300 _aviii, 381 pages :
504 _aIncludes Index.
650 _aGeographical Mandates.
_93154
942 _2lcc
_cLOAN LOAN
999 _c33520
_d33517